书目信息 |
| 题名: |
楚辞与原始宗教
|
|
| 作者: | 过常宝 | |
| 分册: | ||
| 出版信息: | 北京 东方出版社 35582 |
|
| 页数: | 240页 | |
| 开本: | 20cm | |
| 丛书名: | ||
| 单 册: | ||
| 中图分类: | I059.9 | |
| 科图分类: | ||
| 主题词: | 文学理论--各体 , 创作方法--各体 | |
| 电子资源: | ||
| ISBN: | 7-5060-0822-X | |
| 000 | 00544nam0 2200193 450 | |
| 001 | 0728815141 | |
| 005 | 20070819080015.14 | |
| 010 | @a7-5060-0822-X@d¥14.00 | |
| 100 | @a20070819d km y0chiy0120 ea | |
| 101 | 0 | @achi |
| 200 | 1 | @a楚辞与原始宗教@Achu ci yu yuan shi zong jiao@f过常宝@Fguo chang bao |
| 210 | @a北京@c东方出版社@d35582 | |
| 215 | @a240页@d20cm | |
| 606 | 0 | @a文学理论@x各体 |
| 606 | 0 | @a创作方法@x各体 |
| 690 | @aI059.9@v3 | |
| 701 | 0 | @a过常宝@Aguo chang bao |
| 801 | 0 | @aCN@bPFT@c20070819 |
| 905 | @a213230@dI059.9@eZW314@f1 | |
| 楚辞与原始宗教/过常宝.-北京:东方出版社,35582 |
| 240页;20cm |
| ISBN 7-5060-0822-X:¥14.00 |
| ● |
| 相关链接 |
|
|
|
|
正题名:楚辞与原始宗教
索取号:I059.9/ZW314
 
预约/预借
| 序号 | 登录号 | 条形码 | 馆藏地/架位号 | 状态 | 备注 |
| 1 | 7604861 | 276048616 | 密集书库-文学院/ [索取号:I059.9/ZW314] | 在馆 |